Me talk pretty one day / (Record no. 9353)

MARC details
000 -LEADER
fixed length control field 00740nac a22002171u 4500
010 ## - LIBRARY OF CONGRESS CONTROL NUMBER
LC control number 00025052
020 ## - INTERNATIONAL STANDARD BOOK NUMBER
International Standard Book Number 0316777722 (alk. paper)
082 00 - DEWEY DECIMAL CLASSIFICATION NUMBER
Classification number 814.54
Item number SED
090 ## - LOCALLY ASSIGNED LC-TYPE CALL NUMBER (OCLC); LOCAL CALL NUMBER (OCLC)
-- 9353
-- 9353
100 ## - MAIN ENTRY--PERSONAL NAME
Personal name Sedaris, David.
245 10 - TITLE STATEMENT
Title Me talk pretty one day /
Statement of responsibility, etc David Sedaris.
250 ## - EDITION STATEMENT
Edition statement 1st ed.
260 ## - PUBLICATION, DISTRIBUTION, ETC. (IMPRINT)
Place of publication, distribution, etc Boston :
Name of publisher, distributor, etc Little, Brown & Co.c2000.
Date of publication, distribution, etc c2000.
300 ## - PHYSICAL DESCRIPTION
Extent 272 p. ;
Dimensions 22 cm.
500 ## - GENERAL NOTE
General note Distributer: Al-Ahram.
511 ## - PARTICIPANT OR PERFORMER NOTE
Participant or performer note Catalogued By: Mahitab.
650 #0 - SUBJECT ADDED ENTRY--TOPICAL TERM
Topical term or geographic name as entry element Americans
Geographic subdivision France
-- Paris
Form subdivision Humor.
651 #0 - SUBJECT ADDED ENTRY--GEOGRAPHIC NAME
Geographic name Paris (France)
942 ## - ADDED ENTRY ELEMENTS (KOHA)
Item type Book - Borrowing
Call number prefix 814.54SED
Holdings
Withdrawn status Item status Damaged status Not for loan Home library Current library Shelving location Date acquired Source of acquisition Total Checkouts Total Renewals Full call number Barcode Checked out Date last seen Date last borrowed Koha item type
        Central Library Central Library Second Floor 05/05/2008 Purchase 10 15 814.54SED 000011235 14/12/2014 18/09/2011 18/09/2011 Book - Borrowing